| 000 | 00500nam a22001577a 4500 | ||
|---|---|---|---|
| 005 | 20241125194448.0 | ||
| 008 | 241125b |||||||| |||| 00| 0 eng d | ||
| 020 | _a9780201466973 | ||
| 050 |
_aQC23.2 _b.H488 |
||
| 100 | _aHewitt, Paul G. | ||
| 245 |
_aConceptual Physics/ _bthe high school physics program _cPaul G. Hewitt |
||
| 250 | _a3rd ed. | ||
| 260 |
_aMenlo Park, California _bAddison-Wesley Publishing Company _c1997 |
||
| 300 |
_axi.692p. _bill. some color _c26cm |
||
| 942 |
_2lcc _cBK _e3rd ed. _n0 |
||
| 999 |
_c1546 _d1546 |
||